000 01375aam a2200385 a 4500
999 _c323581
_d323581
003 BLK
005 20250201140201.0
008 180802b bul|||||r|||| 00| | bul d
020 _a9786191993406
_q3800083823421
040 _aBLK
041 _aBUL
_cBUL
080 _aАнглийска литература
_b821.111
_z821.111-93-31
100 _aЧапмън, Линда
_9391518
_eпърви автор
139 _aЧапмън, Линда
_bЧ 28
245 _aПекарна Захар и канела : Рождени дни и бисквити : Кн. 4
_cЛинда Чапман ; прев. ат англ. Екатерина Митренцева ; ил. Кейт Хиндли
257 _aGBR
260 _aСофия
_bФют
_c2018
300 _a168 с.
_c20 см
380 _aDX
490 _9389524
_aПекарна "Захар и канела"
_v№ 4
500 _aОриг. загл. Birthdays&Biscuits
700 _aМитренцева, Екатерина Христева
_9270859
700 _9599
_aХиндли, Кейт
_eил.
765 _cBirthdays&Biscuits
852 _cДХ 820/899/Ч 28
856 _i0.00
_ldisable
942 _cKNG
_2udc
_n0
_041
_s1
999 _d323581
999 _d323581
999 _d323581
999 _d323581
999 _d323581
999 _d323581
944 _k30552
_lВиолета Тройчева